Catalogue des tableaux du Musée du Prado / (Record no. 104903)

MARC details
000 -LEADER
campo de control de longitud fija 00760nam a2200205 i 4500
001 - NÚMERO DE CONTROL
campo de control 104903
003 - IDENTIFICADOR DE NÚMERO DE CONTROL
campo de control ES-MaACL
005 - FECHA Y HORA DE LA ÚLTIMA TRANSACCIÓN
campo de control 20240125063137.0
007 - CAMPO FIJO DE DESCRIPCIÓN FÍSICA--INFORMACIÓN GENERAL
campo de control de longitud fija t|
008 - DATOS DE LONGITUD FIJA--INFORMACIÓN GENERAL
campo de control de longitud fija 060523s1913 sp f c |||| | fre d
080 ## - NÚMERO DE LA CLASIFICACIÓN DECIMAL UNIVERSAL
Número de la Clasificación Decimal Universal 75:069.538(460.27 M.) Prado
100 1# - ENTRADA PRINCIPAL--NOMBRE DE PERSONA
Nombre de persona Madrazo, Pedro de,
Fechas asociadas al nombre 1816-1898
9 (RLIN) 75340
245 10 - MENCIÓN DEL TÍTULO
Título Catalogue des tableaux du Musée du Prado /
Mención de responsabilidad, etc. par Pedro de Madrazo.
250 ## - MENCION DE EDICION
Mención de edición 1ere. éd. française d'après la 10e. éd. espagnole, corr.
260 ## - PUBLICACIÓN, DISTRIBUCIÓN, ETC.
Lugar de publicación, distribución, etc. Madrid :
Nombre del editor, distribuidor, etc. [s.n.],
Fecha de publicación, distribución, etc. 1913 (
Fabricante Imp. de J. Lacoste)
300 ## - DESCRIPCIÓN FÍSICA
Extensión XLIV, 531 p., 100 h. de lám. ;
Dimensiones 20 cm.
610 24 - PUNTO DE ACCESO ADICIONAL DE MATERIA--NOMBRE DE ENTIDAD CORPORATIVA
Nombre de entidad corporativa o nombre de jurisdicción como elemento de entrada Museo Nacional del Prado-
Subdivisión de forma Catálogos.
9 (RLIN) 160004
852 ## - LOCALIZACIÓN
Ubicación ES-MaACL
Número de control de estantería E-11232
Nota libre . - Biblioteca Jacinto Martínez Lacalle
Holdings
Estatus retirado Estado de pérdida Estado de daño No para préstamo Biblioteca de origen Biblioteca actual Ubicación en estantería Fecha de adquisición Fuente de adquisición Total de préstamos Signatura topográfica completa Código de barras Visto por última vez Precio de reemplazo Tipo de ítem Koha
        Biblioteca del Ateneo de Madrid Biblioteca del Ateneo de Madrid Depósito 2 17/01/2008     E-11232 1109517 23/02/2023 23/02/2023 Libro impreso